00425 2200181 4500001002100000005001500021008004100036020001800077035001900095041000600114082000800120090001400128100001300142245001700155260003200172300002200204650001700226INLIS00000000000302620241224112639241224||||||||| | ||| |||| ||  a979-695-851-1 0010-1224003026 a00 a813 a813 DIN i0 aNh. Dini00aIstri Konsul aJakartabPT. Grasindoc2002 ax, 76 hlm.; 21 cm 0aKesusastraan